El juego infinito : (Registro nro. 29731)
[ vista simple ]
| 000 -LEADER | |
|---|---|
| fixed length control field | 01982nam a22002897a 4500 |
| 003 - CONTROL NUMBER IDENTIFIER | |
| control field | OSt |
| 005 - DATE AND TIME OF LATEST TRANSACTION | |
| control field | 20250414105320.0 |
| 008 - FIXED-LENGTH DATA ELEMENTS--GENERAL INFORMATION | |
| fixed length control field | 220822s2015 ck ||||gr|||| 00| f spa d |
| 020 ## - INTERNATIONAL STANDARD BOOK NUMBER | |
| International Standard Book Number | 9789585885981 |
| 040 ## - CATALOGING SOURCE | |
| Original cataloging agency | CO-JMCR |
| Transcribing agency | CO-JMCR |
| 041 1# - LANGUAGE CODE | |
| Language code of text/sound track or separate title | spa |
| Language code of original | eng |
| 082 04 - DEWEY DECIMAL CLASSIFICATION NUMBER | |
| Classification number | A-N |
| Item number | DASj |
| 100 1# - MAIN ENTRY--PERSONAL NAME | |
| Personal name | Dashner, James, |
| Relator term | autor |
| 9 (RLIN) | 42310 |
| 245 13 - TITLE STATEMENT | |
| Title | El juego infinito : |
| Remainder of title | revolución / |
| Statement of responsibility, etc. | James Dashner ; traducción de Verónica Canales Medina |
| 250 ## - EDITION STATEMENT | |
| Edition statement | Primera edición |
| 260 ## - PUBLICATION, DISTRIBUTION, ETC. | |
| Place of publication, distribution, etc. | Bogotá : |
| Name of publisher, distributor, etc. | Montena, |
| Date of publication, distribution, etc. | 2015. |
| 300 ## - PHYSICAL DESCRIPTION | |
| Extent | 363 páginas ; |
| Dimensions | 22 cm. |
| 490 0# - SERIES STATEMENT | |
| Series statement | Infinita plus |
| 500 ## - GENERAL NOTE | |
| General note | Título original: The rule of thoughts |
| 505 0# - FORMATTED CONTENTS NOTE | |
| Formatted contents note | Un extraño en la casa -- Un vasto y malvado mundo -- Un puñetazo en el estómago -- Un borrón de color -- Desastre en la cocina -- Un destello de luz -- Sumergise en el código -- Los exploradores -- Un decisión fácil -- Un artilugio antiguo -- Visera negra -- Derrumbamiento -- El baile de la alegría -- La puerta horizontal -- Hasta el último rincón -- La escalera infinita -- Sacacorchos -- El código lanza -- A presión -- Colocación y activación -- Criminal -- Dos visitantes -- Epílogo |
| 520 3# - SUMMARY, ETC. | |
| Summary, etc. | Junto con sus amigos, Michael completó el camino para enfrentarse al pelogroso cyberterrorista Kaine y proteger a los usuarios de Red Virtual. Pero, en el último momento, descubrió que habían sido engañados... y que Kaine, una inteligencia artificial, los había utilizado para empezar una guerra contra los humanos. Haine ha hallado la manera de habitar y controlar el cuerpo de las personas en el mundo real. Su plan es poblar la tierra de mentes artificiales abergadas en cuerpos humanos: cualquiera de los millones de jugadores de Red Virtual está en peligro de ser abducido... |
| 546 ## - LANGUAGE NOTE | |
| Language note | Traducido del inglés. |
| 650 14 - SUBJECT ADDED ENTRY--TOPICAL TERM | |
| Topical term or geographic name entry element | Literatura americana |
| General subdivision | Ficción científica |
| 9 (RLIN) | 42315 |
| 650 24 - SUBJECT ADDED ENTRY--TOPICAL TERM | |
| Topical term or geographic name entry element | Novela futurista |
| 9 (RLIN) | 42316 |
| 700 1# - ADDED ENTRY--PERSONAL NAME | |
| Personal name | Canales Medina, Verónica, |
| Relator term | traductora |
| 9 (RLIN) | 42311 |
| 942 ## - ADDED ENTRY ELEMENTS (KOHA) | |
| Source of classification or shelving scheme | Dewey Decimal Classification |
| Koha item type | Books |
| Withdrawn status | Lost status | Source of classification or shelving scheme | Damaged status | Not for loan | Home library | Current library | Shelving location | Date acquired | Source of acquisition | Total Checkouts | Full call number | Barcode | Date last seen | Copy number | Price effective from | Koha item type |
|---|---|---|---|---|---|---|---|---|---|---|---|---|---|---|---|---|
| Dewey Decimal Classification | Biblioteca Pública José María del Castillo y Rada | Biblioteca Pública José María del Castillo y Rada | Processing Center | 08/22/2022 | Donación | A-N DASj | 201811474 | 08/22/2022 | Ej. 1 | 08/22/2022 | Books |